000 00437 a2200145 4500
999 _c207
_d207
008 200917b ||||| |||| 00| 0 eng d
020 _a9789280100358
082 0 0 _a623.82070288
_bI339
100 _aInternational Maritime Organization
_975
245 _aPrevention of corrosion on board ships
260 _aLondon:
_bInternational Maritime Organization,
_c2010.
300 _aiii, 243 p.
650 0 _aProtective Coatings
942 _2ddc
_cBK